000 00325 a2200157 4500
001 193050
020 _a978-85-7412-136-9
040 _cMagnum
100 _aKing, Stephen Michael
240 1 0 _aVira-lata!
_lpor
245 1 0 _aVira-lata!
300 _a32
362 0 _a2005
697 _aLITERATURA INFANTIL
942 _cBK
999 _c193050
_d193050